Statistics for Guess the Taylor Swift's song by the Bridge #8

Click here to take the quiz!

General Stats

  • This quiz has been taken 376 times
  • The average score is 10 of 15

Answer Stats

BridgeSong% Correct
" I have this dream my daughter-in-law kills me for the money, she thinks I left them in the will, the family gathers 'round and reads it and then someone screams out, "She's laughing up at us from Hell" "Anti-hero - Midnights
94%
" Talk your talk and go viral, I just need this love spiral, get it off your chest, get it off my desk, talk your talk and go viral, I just need this love spiral, get it off your chest, get it off my desk "Lavender Haze - Midnights
90%
" Sapphire tears on my face, sadness became my whole sky, but some guy said my aura's moonstone, just 'cause he was high, and we're dancin' all night, and you can try to change my mind, but you might have to wait in line, what's a girl gonna do? A diamond's gotta shine "Bejeweled - Midnights
89%
" 'Cause they see right through me, they see right through me
They see right through, can you see right through me?, they see right through, they see right through me, I see right through me, I see right through me "
The Archer - Lover
85%
" Ask me what I learned from all those years, ask me what I earned from all those tears, ask me why so many fade, but I'm still here (I'm still here, I'm still here) "Karma - Midnights
84%
" They say she was seen on occasion, pacing the rocks, staring out at the midnight sea, and in a feud with her neighbor, she stole his dog and dyed it key lime green, fifty years is a long time, Holiday House sat quietly on that beach, free of women with madness, their men and bad habits, and then it was bought by me "​the last great american dynasty - folklore
84%
" The autumn chill that wakes me up, you loved the amber skies so much, long limbs and frozen swims, you'd always go past where our feet could touch, and I complained the whole way there, the car ride back and up the stairs, I should've asked you questions, I should've asked you how to be, asked you to write it down for me, should've kept every grocery store receipt, 'cause every scrap of you would be taken from me, watched as you signed your name (........), all your closets of backlogged dreams, and how you left them all to me "marjorie - evermore
75%
" Your mother brought you up loyal and kind, teenage love taught you there's good in goodbye, every woman that you knew brought you here, I wanna teach you how forever feels like "All Of The Girls You Loved Before
66%
" And if you're missing me, you'd better keep it to yourself, 'cause coming back around here would be bad for your health "Picture To Burn - Taylor Swift
62%
" Does it feel like everything's just like second best after that meteor strike? And what's that that I heard? That you're still with her? That's nice, I'm sure that's what's suitable, and right, but tonight "Question...? - Midnights
62%
" This is (... .... ....) you tell me I've got it wrong, this is (... .... ....) I say, "It's been you all along", this is (... .... ....) I let you in my door, this is (... .... ....), I won't hurt you anymore, oh, oh, oh, oh; oh, oh, oh, oh "The Last Time (Taylor’s Version) - Red (Taylor's Version)
53%
" Distance, timing, breakdown, fighting, silence, the train runs off its tracks, kiss me, try to fix it, could you just try to listen? Hang up, give up and for the life of us, we can't get back "Sad Beautiful Tragic (Taylor’s Version) - Red (Taylor's Version)
45%
" If you're out there, if you're somewhere, if you're moving on, I've been waiting for you every day since you've been gone, I just want it back the way it was before, and I just wanna see you back at my front door "If This Was A Movie (Taylor's Version)
41%
" You had me crawling for you, honey, and it never would've gone away, no, you used to shine so bright, but I watched all of it fade "You’re Not Sorry (Taylor’s Version) - Fearless (Taylor's Version)
30%
" The bottom's gonna drop out from under our feet, I'll catch you, I'll catch you, when people say things that bring you to your knees, I'll catch you, the time is gonna come when you're so mad you could cry, but I'll hold you through the night until you smile "Jump Then Fall (Taylor’s Version) - Fearless (Taylor's Version)
27%

Score Distribution

Percentile by Number Answered

Percent of People with Each Score

Your Score History

You have not taken this quiz